|
|
|
|
| LEADER |
02489nam a22006252a 4500 |
| 001 |
nkc20152653207 |
| 003 |
CZ PrNK |
| 005 |
20160122085649.0 |
| 007 |
ta |
| 008 |
150109s2014 xr ach e 000 0 cze |
| 015 |
|
|
|a cnb002653207
|
| 020 |
|
|
|a 978-80-87898-09-3
|q (brož.)
|
| 035 |
|
|
|a (OCoLC)908821017
|
| 040 |
|
|
|a BOA001
|b cze
|
| 041 |
1 |
|
|a cze
|a ger
|h cze
|
| 043 |
|
|
|a e-xr---
|b e-xr-us
|2 czenas
|
| 045 |
|
|
|a x1x1
|
| 072 |
|
7 |
|a 069
|x Muzea. Muzeologie. Muzejnictví. Výstavy
|2 Konspekt
|9 12
|
| 080 |
|
|
|a (=112.2)
|2 MRF
|
| 080 |
|
|
|a 069.9
|2 MRF
|
| 080 |
|
|
|a 338(091)
|2 MRF
|
| 080 |
|
|
|a (437.3)
|2 MRF
|
| 080 |
|
|
|a (437.315)
|2 MRF
|
| 080 |
|
|
|a (084.12)
|2 MRF
|
| 100 |
1 |
|
|a Děd, Ondřej
|7 mzk2015866181
|4 aut
|4 com
|
| 245 |
1 |
0 |
|a Německo-česká zemská výstava Chomutov 1913 =
|b Deutsch-böhmische Landesschau Komotau 1913 /
|c [námět a obrazová část] Ondřej Děd ; [text] Stanislav Děd
|
| 246 |
3 |
1 |
|a Deutsch-böhmische Landesschau Komotau 1913
|
| 250 |
|
|
|a Vyd. 1.
|
| 260 |
|
|
|a V Chomutově :
|b Oblastní muzeum,
|c 2014
|
| 300 |
|
|
|a 86 s. :
|b il. (některé barev.), portréty, faksim. ;
|c 30 cm +
|e 3D brýle
|
| 500 |
|
|
|a Publikace obsahuje reprodukce původních stereoskopických fotografií
|
| 500 |
|
|
|a 700 výt.
|
| 546 |
|
|
|a Souběžný německý text
|
| 611 |
2 |
7 |
|a Výstava českých Němců
|d (1913 :
|c Chomutov, Česko)
|7 ko2015867294
|2 czenas
|
| 648 |
|
7 |
|a 20. století
|7 ch460558
|2 czenas
|
| 648 |
|
4 |
|a 1913
|
| 648 |
|
7 |
|a 1911-1920
|7 ch460579
|2 czenas
|
| 650 |
0 |
7 |
|a Němci
|7 ph117943
|z Česko
|y 20. století
|2 czenas
|
| 650 |
0 |
7 |
|a výstavy
|7 ph116705
|z Česko
|y 1911-1920
|2 czenas
|
| 650 |
0 |
7 |
|a hospodářské dějiny
|7 ph114703
|z Česko
|y 20. století
|2 czenas
|
| 650 |
0 |
9 |
|a Germans
|z Czechia
|y 20th century
|2 eczenas
|
| 650 |
0 |
9 |
|a exhibitions
|z Czechia
|y 1911-1920
|2 eczenas
|
| 650 |
0 |
9 |
|a economic history
|z Czechia
|y 20th century
|2 eczenas
|
| 655 |
|
7 |
|a fotografické publikace
|7 fd132276
|2 czenas
|
| 655 |
|
9 |
|a photographical works
|2 eczenas
|
| 651 |
|
7 |
|a Chomutov (Česko)
|7 ge128939
|2 czenas
|
| 651 |
|
9 |
|a Chomutov (Czechia)
|2 eczenas
|
| 700 |
1 |
|
|a Děd, Stanislav,
|d 1945-
|7 mzk2005304344
|4 aut
|
| 710 |
2 |
|
|a Oblastní muzeum (Chomutov, Česko)
|7 pna2004259412
|
| 711 |
2 |
|
|a Výstava českých Němců
|d (1913 :
|c Chomutov, Česko)
|7 ko2015867294
|
| 910 |
2 |
|
|a BOA001
|b 4-1345.350
|
| 990 |
|
|
|a BK
|
| 995 |
|
|
|a 01
|
| 991 |
|
|
|b 201504
|c NOV
|e n
|
| 996 |
6 |
|
|b 2610628389
|c 4-1345.350
|l MZK
|r Sklad / do 1 hodiny
|n 0
|p p.v.
|w 001498914
|u 000010
|a 1
|e BOA001
|j MZK50
|s P
|